000 00389nam a22001217a 4500
999 _c9842
_d9842
003 OSt
008 201203b ||||| |||| 00| 0 eng d
245 _aSumedha Journal of Management
250 _a2017(Jan-Mar Vol.6 No.1, Apr-Jun Vol.6 No.2, Jul-Sep Vol.6 No.3, Oct-Dec Vol.6 No.4)
260 _bCMR College of Engineering and Technology
_aHyderabad
650 _aManagement
942 _2ddc
_cBV